000 00362 a2200169 4500
001 69404
020 _a8516023702
040 _cAnchieta - Itaigara
100 _aBandeira, Pedro
240 1 0 _aDroga de americana
_lpor
245 1 0 _aDroga de americana
300 _a157
362 0 _a2001
440 1 _aModerna
650 4 _aLiteratura juvenil
942 _cBK
999 _c69404
_d69404